00296nam a2200121Ia 4500008004100000041000900041082001800050100002000068245003000088260004000118300000800158650000800166230718s9999 xx 000 0 und d aEng. a346.92bJAG-L aJagannadha, Rao 0aLaw relating to Guarantee aPakistanbAllahbad law agencyc2003 a487 aLaw